00369nam a2200145Ia 4500008004100000020001600041041001200057082001600069100001900085245005700104250000800161260003800169300000800207650000800215221030s9999 xx 000 0 und d a07668017131 aEnglish a105.23bSte aD. J. Sterling 0aTechnicians Guide to Fibre Opticscby D. J. Sterling a3rd bThomson LearningaSingaporec2000 a345 aECE